00980nam a2200265Ia 450000500170000000800410001702000180005808200160007610000190009224501360011125000180024730000690026550000660033453400300040058600200043065000370045065000270048765000260051470000230054026400280056333600270059133700330061833800280065104000350067920220317001517.0161108s2013 s o g 000 0 s  a978849992319204a303.4bD31m1 aDiamond, Jared13aEl mundo hasta ayerb{BF}qué podemos aprender de las sociedades tradicionales?cJared Diamond ; traducción de Efrén del Valle a1a. edición a589 páginasbfotografías en color y en blanco y negroc24 cm aIncluye datos biográficos del autor e índice alfabético tThe world until yesterday aPremio Pulitzer142LEMBaCivilización histórica142LEMBaCambios sociales142LEMBaHistoria social1 aValle, Efrén del aBarcelonabDebatec2013 atextobtxt2rdacontent asin mediaciónbn2rdamedia avolumenbnc2rdacarrier aCO-BoRNBPbspaerdacCO-BoRNBP